Concise encyclopedia of chemical technology

Na minha lista:
Detalhes bibliográficos
Autor principal: Kirk
Formato: Livro
Idioma:Undetermined
Publicado em: New York John Wiley 1985
Assuntos:
Tags: Adicionar Tag
Sem tags, seja o primeiro a adicionar uma tag!
Thư viện lưu trữ: Trung tâm Học liệu Trường Đại học Cần Thơ
LEADER 00496nam a2200181Ia 4500
001 CTU_26609
008 210402s9999 xx 000 0 und d
082 |a 660.0321 
082 |b K59 
100 |a Kirk 
245 0 |a Concise encyclopedia of chemical technology 
245 0 |c Kirk 
260 |a New York 
260 |b John Wiley 
260 |c 1985 
650 |a chemistry, technical,technology - dictionaries 
904 |i Minh, 981015 
980 |a Trung tâm Học liệu Trường Đại học Cần Thơ